000 00826nam a22002537a 4500
003 0
005 20180806154917.0
008 0
010 _aB-107244
020 _c540.00
_a8121208076
035 _aB-107244,B-107245, B-107260
037 _bCen Lib/Ret
040 _aDPL
_bEN
_c0
082 _a921
_bCHA
100 _aChandra, Ramesh
_927668
245 _aScientist to president Dr. A. P. J. Abdul Kalam /
_cby Ramesh Chandra
_b
260 _aNew Delhi
_bGyan publishing house
_c2002
270 _bNew Delhi
_a5, Ansari Road, Darya Ganj
_e110002
300 _a327p.
_c23cm(Hb)
500 _aIncludes index
650 _aAbdul Kalam, Avul Pakir Jainulabdeen, -- 1931-.... -- Biographies
_927669
650 _aAbdul Kalam, Avul Pakir Jainulabdeen, -- 1931-
_927670
942 _2ddc
_cEN
_h921
_mCHA
999 _c129879
_d129879